000 00325nam a2200133 i 4500
001 bg
100 1 _aKORZAN, Kazimierz
245 0 _aArbitraż i postępowanie arbitrażowe /
_cKazimierz Korzan.
260 _aWarszawa,
_c1980.
040 _cBPK
041 _apol
942 _cKS
008 s pl f |000 0 pol
999 _c19238
_d19238
856 _uhttp://koha.tu.koszalin.pl/cgi-bin/koha/opac-detail.pl?biblionumber=19238
_yKatalog online BPK